Amateur Football Teams of Noord-Holland - Statistics

General Stats
  • This quiz has been taken 5 times
  • The average score is 53 of 293
Answer Stats
Club % Correct
AFC
100%
CVV Blauw Wit (W)
100%
FC Purmerend
100%
SV Sporting S
100%
Ajax Zaterdag
75%
AVV Andijk
75%
BVC Bloemendaal
75%
CSV Jong Holland
75%
FC Aalsmeer
75%
FC Castricum
75%
FC Den Helder
75%
Koninklijke HFC
75%
RKAV Volendam
75%
SV Beverwijk
75%
SV Enkhuizen
75%
VV Aalsmeer
75%
vv Amstelveen
75%
VV Hollandia T
75%
VV IJmuiden
75%
VV Monnickendam
75%
ADO '20
50%
AFC '34
50%
Alcmaria Victrix
50%
BSV Bergen
50%
CSV BOL
50%
FC Hilversum
50%
FC Medemblik
50%
FC Uitgeest
50%
FC Weesp
50%
FC Zaandam
50%
Haarlem-Kennemerland
50%
HFC Heemstede
50%
HSV Sport 1889
50%
HVV Hollandia
50%
OFC
50%
RKVV DEM
50%
RKVV Velsen
50%
SC Hercules Zaandam
50%
SVA Assendelft
50%
SV Beemster
50%
SV De Foresters
50%
SV De Rijp
50%
SV Diemen
50%
SV Hoofddorp
50%
SV Marken
50%
SV Petten
50%
SV Wijk aan Zee
50%
Vitesse '22
50%
VPV Purmersteijn
50%
VV ALC
50%
VV Assendelft
50%
VV Callantsoog
50%
VV De Wherevogels
50%
VV Egmondia
50%
VV Kolping Boys
50%
VV Limmen
50%
VV Texel '94
50%
ZOB
50%
ZVV Zaandijk
50%
ZVV Zaanlandia
50%
AVV Sloterdijk
25%
AVV Zeeburgia
25%
Berdos
25%
BFC
25%
BVV De Kennemers
25%
CVV Jong Hercules
25%
DSOV
25%
EVC
25%
FC Amsterdam
25%
FC Blauw-Wit Amsterdam
25%
FC Portugal Amsterdam
25%
FC Velsenoord
25%
FC VVC
25%
HFC EDO
25%
IVV
25%
JOS Watergraafsmeer
25%
JVC Julianadorp
25%
KFC
25%
KSV
25%
Legmeervogels
25%
LSVV
25%
Meervogels '31
25%
NFC/Brommer
25%
OSC Amsterdam
25%
OSV
25%
RKDES
25%
RKSV HBC
25%
RKSV Pancratius
25%
RKVV Onze Gezellen
25%
SC AH '78
25%
SC Buitenveldert
25%
SC Muiden
25%
SC Muiderberg
25%
SC Purmerland
25%
SC Spirit '30
25%
SDOB
25%
Sporting Krommenie
25%
SSV
25%
SV De Meer
25%
SV DIO
25%
SV DIOS
25%
SV DTS
25%
SV Geel Wit '20
25%
SV Ilpendam
25%
SV Kadoelen
25%
SV Koedijk
25%
SV Laren '99
25%
SV Nieuw Sloten
25%
SV Overbos
25%
SV Rap
25%
SV Terrasvogels
25%
SV Vrone
25%
VSV
25%
VV Alkmaarsche Boys
25%
VV Berkhout
25%
VV De Zouaven
25%
VV Grasshoppers
25%
VV HSV
25%
VVH/Velserbroek
25%
VV Jisp
25%
VV Knollendam
25%
VV Kwadijk
25%
VV Oosthuizen
25%
VV Schoten
25%
VV UNO
25%
VV Winkel
25%
VV Zeevogels
25%
VV Zwanenburg
25%
AFC DWS
0%
AFC Nautilus
0%
AFC TABA
0%
AGB
0%
AGSV Aartswoud
0%
Amsterdam Seref Spor
0%
AMVJ
0%
Apollo '68
0%
ASC SDW
0%
ASV '55
0%
ASV '65
0%
ASV De Dijk
0%
ASV De Flamingo's '64
0%
ASV Fortius
0%
ASV Germaan/De Eland
0%
ASV Wartburgia
0%
AVV FIT
0%
AVV SDZ
0%
AVV Swift
0%
AVV TOG
0%
BKC
0%
BSV Allen Weerbaar
0%
BVV '31
0%
BZC '13
0%
Con Zelo
0%
CTO '70
0%
CVV Vlug en Vaardig
0%
CV Wieringermeer
0%
De Brug
0%
DEVO '58
0%
DRC
0%
Duinrand S
0%
DVC Buiksloot
0%
DVVA
0%
DZS
0%
FC Amsterdamse Bos
0%
FC Chabab
0%
Fortuna Wormerveer
0%
GeuzenMiddenmeer
0%
Hauwert '65
0%
HC & FC Victoria
0%
HCSC
0%
HCSV Zwaluwen '30
0%
HOSV
0%
HSV De Zuidvogels
0%
HSV Wasmeer
0%
Hugo Boys
0%
HVV DSK
0%
IJ.V.V. Stormvogels
0%
Kwiek '78
0%
MSV Zeemacht
0%
NVC
0%
ODIN '59
0%
Olympia Haarlem
0%
OSO
0%
RCH
0%
RKAV
0%
RKAVIC
0%
RKEDO SV
0%
RKSV DCG
0%
RKSV RODA '23
0%
RKSV Sint George
0%
RKSV TOB
0%
RKVV DSS
0%
RKVV Saenden
0%
RKVV Zwaagdijk
0%
Rood-Wit Zaanstad
0%
SC Badhoevedorp
0%
SC Dynamo
0%
SC Eendracht '82
0%
Schagen United
0%
SC Overamstel
0%
SC 't Gooi
0%
SC Voorland
0%
SCW
0%
SDO Bussum
0%
Sint Boys DES
0%
Sporting Amsterdam
0%
Sporting Martinus
0%
Sporting Noord
0%
SV Abbenes
0%
SV Alliance '22
0%
SV Always Forward
0%
SVAP '74
0%
SV Asonia
0%
SV BSM
0%
SV De Koog
0%
SV De Meteoor
0%
SV DESS
0%
SV De Valken
0%
SV Geel-Zwart '30
0%
SV Geinburgia
0%
SV Graftdijk
0%
SV Huizen
0%
SV KDO
0%
SV KLM
0%
SV Loosdrecht
0%
SV Olympia '25
0%
SV Oosterend
0%
SV Ouderkerk
0%
SVOW
0%
SV Parkstad
0%
SV Real Sranang
0%
SV 's-Graveland
0%
SV Spaarnwoude
0%
SV United/DAVO
0%
SV Vogelenzang
0%
SVW '27
0%
SV Watervogels
0%
SV Westfriezen
0%
SV Wieringerwaard
0%
SV WMC
0%
SV Zandvoort
0%
SV ZDH
0%
SV Zuidermeer
0%
TOS-Actief
0%
TSV Twisk
0%
VEW
0%
Victoria O
0%
VIOS-W
0%
VV Altius
0%
VVA/Spartaan
0%
VV De Beursbengels
0%
VV De Blokkers
0%
VV Dirkshorn
0%
VV DWB
0%
VV DWOW
0%
VV Flevo
0%
VVGA
0%
VV HBOK
0%
VV Kaagvogels
0%
VV Kagia
0%
VV KGB
0%
VV MOC
0%
VV Nederhorst
0%
VV Nieuwe Niedorp
0%
VV Opperdoes
0%
VV Oudesluis
0%
VV PSZ
0%
VV RCZ
0%
VV Reiger Boys
0%
VVS '46
0%
VV Schellinkhout
0%
VV SEW
0%
VV Spartanen
0%
VV Strandvogels
0%
VV Succes
0%
VV SVIJ
0%
VV THB
0%
VV Vesdo
0%
VV VVW
0%
VVV Westzaan
0%
VV VZV
0%
VV Waterloo
0%
VV Wiron
0%
VV Woudia
0%
VV ZRC Herenmarkt
0%
WBSV
0%
WSV '30
0%
WSW
0%
WV-HEDW
0%
Z.A.P.
0%
ZCFC
0%
ZSGOWMS
0%
Zuidoost United
0%
No matching quizzes found
Score Distribution
Percent of People with Each Score
Percentile by Number Answered
Your Score History
You have not taken this quiz